|
|
|
แสดงรายละเอียดบรรณานุกรม |
|
|
Brief Record
: Get Marc (ISO 2709)
: E-mail record
: |
|
|
| LEADER 01174nam 2200277 a 4500 | |||
| 001 34600 | |||
| 003 ULIBM | |||
| 008 030417s2004 caua sb 001 0 eng | |||
| 020 ^a- | |||
| 082 ^a153.94^bด-ส | |||
| 100 ^aดวงจิต คำวงษา | |||
| 245 ^aเส้นทางสู่การเป็นนักเรียนแพทย์เฉลยข้อสอบความถนัดทางแพทย์/^cดวงจิต คำวงษา | |||
| 260 ^aกรุงเทพฯ:^bScience center,^cม.ป.ป. | |||
| 300 ^a107 หน้า | |||
| 650 ^aความถนัด | |||
| 913 ^aImported by ULIBM Administrator | |||
| 949 ^aImport form external file by ULIBM system | |||
| คุณยังไม่ได้ล็อกอิน คุณสามารถมีกิจกรรมร่วมกับเว็บไซต์ได้ แต่ต้องล็อกอินก่อน :: |
|
| สถานะ | |||||||||
| 1. | หนังสือ | 153.94 ด-ส 2004 Barcode: 060668 | ►หนังสือทั่วไป | On Shelf ขอยืม | |||||
| [แสดง 2/2 รายการ] | |||||||||

BibComment |
| คอมเมนท์ทรัพยากรรายการนี้ |
|
|
ห้องสมุดโรงเรียนสามัคคีวิทยาคม
159 ถ.บรรพปราการ ต.เวียง อ.เมือง จ.เชียงราย 57000
โทร. 053-711018 โทรสาร 053-713003